000
00203 a2200097 4500
001
42866
100
_a
Burke S.M
245
_a
260
_a
Islamabad
_b
the asian study group
_c
090
_c
26755
_d
26755
942
_a
NUST-CAE
_c
M
_c
18619
999
_c
277939
_d
277939